000 00810nam a22001935i 4500
001 164310
003 ES-MaACL
005 20230906212919.0
008 140404s1955 sp |||| | spa d
100 1 _aPastor Gómez, José.
_989506
245 1 4 _aLas Cortes de Toledo de 1480 /
_cdiscurso de ingreso del académico José Pastor Gómez y discurso-contestación por Clemente Palencia Flores.
260 _aToledo :
_bReal Academia de Bellas Artes y Ciencias Históricas de Toledo,
_c1955.
300 _a46 p. ;
_c21 cm.
500 _aSeparata: "Toletum", años XXX-XXXI, XXXII.- nº 66-67-68.
610 2 4 _aCastilla (Reino).
_bCortes-
_vHistoria.
_9154670
651 _aEspaña-
_xHistoria-
_y1474-1516, Reyes Católicos.
_98222
700 0 _aPalencia Flores, Clemente.
_988538
852 _aES-MaACL
_j1591-F-13
999 _c164310
_d164310